000 00637nam a2200241Ia 4500
003 OSt
005 20220918221302.0
006 a|||||r|||| 00| 0
007 ta
008 220917b |||||||| |||| 00| 0 eng d
024 _a149,174
037 _cTextual
040 _aARTS
_cARTS
_beng
041 _2eng
_aeng
082 _aT:838, J4
100 _aAyer Fred C
_9139906
245 0 _aFundamentals of instructional supervision
260 _c1954
490 _aExploration series in education, ed by John Guy Fowlkes
650 _aEDUCATION
942 _hT:838, J4
_cTEXL
_2CC
999 _c271843
_d271843